Visualizing with CAD: An Auto CAD exploration of geometric and architectural forms (Record no. 96873)

MARC details
000 -LEADER
fixed length control field 00437nam a2200157Ia 4500
008 - FIXED-LENGTH DATA ELEMENTS--GENERAL INFORMATION
fixed length control field 230917s9999||||xx |||||||||||||| ||und||
020 ## - ISBN
Price DM84
040 ## - CATALOGING SOURCE
-- 25943
Original cataloging agency VIVEKANANDA LIBRARY
041 ## - Language
-- English
082 ## - DDC NUMBER
Classification number 004.77 B457V
100 ## - MAIN ENTRY--PERSONAL NAME
Personal name Bertol, Daniela
245 #0 - TITLE STATEMENT
Title Visualizing with CAD: An Auto CAD exploration of geometric and architectural forms
260 ## - PUBLICATION, DISTRIBUTION, ETC. (IMPRINT)
Place of publication, distribution, etc New York
Name of publisher, distributor, etc Springer-Verlag
Date of publication, distribution, etc 1994
300 ## - PHYSICAL DESCRIPTION
Pages xxiv, 359 p.
942 ## - ADDED ENTRY ELEMENTS (KOHA)
Koha item type Books
Holdings
Withdrawn status Lost status Damaged status Not for loan Location (home branch) Sublocation or collection (holding branch) Shelving location Date acquired Koha issues (times borrowed) Koha full call number Accession No. Koha date last seen Koha item type
        VIVEKANANDA LIBRARY VIVEKANANDA LIBRARY UIET Library 29/08/2002   004.77 B457V 179611 17/09/2023 Books
© Designed and Maintained by Vivekananda Library, MDU Rohtak